Memory Game: Kid Lit Quiz Stats

 Plays Quiz not verified by Sporcle

Score 0/24 Timer 05:00
0 Plays Today
Hint Answer % Correct
12???
80.3%
16???
80.3%
15???
73.6%
34???
73.6%
13???
73%
41???
73%
14???
72%
31???
72%
24???
71.7%
11???
68.4%
42???
67.3%
45???
67.3%
Hint Answer % Correct
33???
61.9%
43???
61.9%
26???
61.6%
32???
61.6%
36???
61.3%
23???
60.5%
35???
60.4%
22???
60.4%
21???
60.4%
46???
60.4%
44???
59.3%
25???
58.6%

You're not logged in!

Compare scores with friends on all Sporcle quizzes.
OR
Log In

Show Comments

Extras

Top Quizzes Today


Score Distribution

Your Account Isn't Verified!

In order to create a playlist on Sporcle, you need to verify the email address you used during registration. Go to your Sporcle Settings to finish the process.

Report this User

Report this user for behavior that violates our Community Guidelines.

Details: